Entry Personal Name
Number of records used in: 1
001 - CONTROL NUMBER
003 - CONTROL NUMBER IDENTIFIER
005 - DATE AND TIME OF LATEST TRANSACTION
- control field:
20200128125144.0
008 - FIXED-LENGTH DATA ELEMENTS
- fixed length control field:
810910n| azannaabn |n aaa
010 ## - LIBRARY OF CONGRESS CONTROL NUMBER
- LC control number:
n 81050362
016 ## - NATIONAL BIBLIOGRAPHIC AGENCY CONTROL NUMBER
- Record control number:
0067J4062E
035 ## - SYSTEM CONTROL NUMBER
- System control number:
(OCoLC)oca00595887
040 ## - CATALOGING SOURCE
- Original cataloging agency:
DLC
- Language of cataloging:
eng
- Description conventions:
rda
- Transcribing agency:
DLC
- Modifying agency:
IEN
- Modifying agency:
CaOONL
042 ## - AUTHENTICATION CODE
046 ## - SPECIAL CODED DATES
- Birth date:
1938-04-22
- Source of date scheme:
edtf
100 1# - HEADING--PERSONAL NAME
- Personal name:
Ebert, Ronald J.
377 ## - ASSOCIATED LANGUAGE
670 ## - SOURCE DATA FOUND
- Source citation:
His Organizational decision processes, c1975.
670 ## - SOURCE DATA FOUND
- Source citation:
Info. converted from 678, 2012-10-02
- Information found:
(b. 4/22/38)
670 ## - SOURCE DATA FOUND
- Source citation:
Business, 2014:
- Information found:
title page (Ronald J. Ebert (University of Missouri-Columbia)
670 ## - SOURCE DATA FOUND
- Source citation:
LAC internal file, September 10, 2019
- Information found:
(access point: Ebert, Ronald J; not Canadian)